000 00688cam a2200145 4500500
005 20260208021359.0
041 _afre
042 _adc
100 1 0 _aReid, Martine
_eauthor
245 0 0 _aCLAUDIE BERNARD, Penser la famille au XIXe siècle (1789-1870). Préface d’YVONNE KNIBIELHER. Publications de l’Université de SaintÉtienne, coll. « Le XIXe siècle en représentation(s) », 2007. Un vol. de 471 p.
260 _c2008.
500 _a6
786 0 _nRevue d'histoire littéraire de la France | 108 | 4 | 2008-12-21 | p. 955q-1018q | 0035-2411
856 4 1 _uhttps://shs.cairn.info/revue-d-histoire-litteraire-de-la-france-2008-4-page-955q?lang=fr&redirect-ssocas=7080
999 _c1661162
_d1661162